| 000 | 00810nam a2200193 a 4500 | ||
|---|---|---|---|
| 003 | 0 | ||
| 005 | 20250602103737.0 | ||
| 008 | 021121s19uu xx 00 eng d | ||
| 050 |
_aPHS LC 1099.5.P6 _b.J66 2002 |
||
| 100 | _aJoo, Hyeonji. | ||
| 245 |
_aPerceptions of Korean college and high school students on the quality of education and teaching environment in selected Philippine Schools / _cHyeonji Joo. |
||
| 260 |
_aLas PiƱas City, Philippines : _bSouthville International School and Colleges, _c2002. |
||
| 300 |
_a36 pages : _billustrations ; _c28 cm. |
||
| 504 | _aIncludes bibliographical references. | ||
| 650 |
_aEducation _zPhilippines _xEvaluation. |
||
| 650 |
_aKorean students _zPhilippines _xAttitudes. |
||
| 650 |
_aInternational students _zPhilippines _xSocial conditions. |
||
| 942 |
_2lcc _cPASS |
||
| 999 |
_c96710 _d96710 |
||